000 00465nam a22001697a 4500
005 20251108163329.0
008 250721s9999 xx 000 0 ara d
082 1 4 _a.6157/عبد
100 1 _aعبد السلام، فاروق سيد
245 1 0 _aسيكولوجية الإدمان /
264 1 _aالقاهرة :
_bعالم الكتب،
_c[19-].
300 _a419ص
650 1 7 _aعلم النفس
650 1 7 _aالمخدرات
942 _2ddc
_cBK
999 _c18
_d18